Loading...
| History - Ancient | 0 | 4 | 1 | 0 | 35 | 83 | 108.75 | 0 | 1 | 9.93 | 30.40 |
| History - World | 1 | 3 | 2 | 0 | 35 | 45 | 89.75 | 1 | 2 | 9.30 | 20.00 |
| Beliefs | 1 | 2 | 1 | 0 | 30 | 74 | 87.67 | 2 | 2 | 5.38 | 12.08 |
| History - European | 1 | 3 | 3 | 1 | 30 | 72 | 96.75 | 1 | 1 | 8.00 | 15.36 |
| History - Other | 0 | 2 | 0 | 0 | 20 | 89 | 94.50 | 0 | 2 | 9.84 | 28.61 |
| Fine Arts - Other Arts | 1 | 0 | 0 | 0 | 15 | 65 | 65.00 | 0 | 1 | 3.65 | 3.90 |
| Geography | 0 | 1 | 0 | 0 | 10 | 139 | 139.00 | 0 | 1 | 0.47 | 16.67 |
| Literature - European | 0 | 1 | 0 | 0 | 10 | 122 | 122.00 | 0 | 0 | 0.87 | 5.19 |
| Science - Biology | 0 | 1 | 0 | 0 | 10 | 127 | 127.00 | 0 | 0 | 0.27 | 2.14 |
| Social Science | 0 | 1 | 1 | 0 | 5 | 97 | 97.00 | 0 | 0 | 1.10 | 3.41 |
| History - American | 0 | 1 | 1 | 0 | 5 | 91 | 91.00 | 0 | 0 | 2.26 | 2.86 |